000 00740nam a2200229Ia 4500
001 1292
003 GE_BSU
008 181216s||||||||xx |||||||||||||| ||und||
020 _a9789941028814
040 _cGE_BSU
080 _a638.1
100 _aსტეფანიშვილი, ვენერა.
245 _aფუტკრის ბიოლოგია და მოვლა-პატრონობა.
245 _cრედ: ბუდუ მურუსიძე.
260 _aთბილისი
260 _bპოლიგრაფისტი
260 _c2010
300 _a530 გვ. ილ. 20 სმ.
541 _h20 ლ.
653 _aფუტკრის ბიოლოგია.
942 _cBK
999 _c35434
_d35434